| 000 | 00764nam a22002057a 4500 | ||
|---|---|---|---|
| 999 |
_c19690 _d19690 |
||
| 003 | AR-CdUCM | ||
| 008 | 190520b ||||| |||| 00| 0 spa d | ||
| 040 |
_aMUNICIPALIDAD PROVINCIAL DEL CUSCO _cBIBLIOTECA MUNICIPAL DEL CUSCO |
||
| 082 |
_a970.05 / _bAL47 |
||
| 100 |
_aAlvarado S, Jerónimo _941183 |
||
| 245 |
_aDialéctica democrática de Juan Pablo Vizcardo : _bNotas sobre el pensamiento y la acción de un precursor Peruano de la emancipación Americana / |
||
| 260 |
_aLima : _bFanal, _c1955. |
||
| 300 |
_a211 páginas ; _c25 cm. |
||
| 505 | _aContenido : El destino -- El absolutismo -- La persecución... | ||
| 650 |
_aHistoria republicana _95663 |
||
| 650 |
_aPersecución _941184 |
||
| 650 |
_aEnsayos _9375 |
||
| 942 |
_2ddc _cLIBROS |
||
| 945 | _arcc | ||